Finance Bill seeks regime change (Record no. 72903)
[ view plain ]
| 000 -LEADER | |
|---|---|
| fixed length control field | 01016cam a2200241 4500 |
| 001 - CONTROL NUMBER | |
| control field | ABS66852 |
| 008 - FIXED-LENGTH DATA ELEMENTS--GENERAL INFORMATION | |
| fixed length control field | 030623n2003 000 0 eng u |
| 035 ## - SYSTEM CONTROL NUMBER | |
| System control number | (Sirsi) u122693 |
| 100 ## - MAIN ENTRY--PERSONAL NAME | |
| Personal name | Evans, J. |
| 245 ## - TITLE STATEMENT | |
| Title | Finance Bill seeks regime change |
| 260 ## - PUBLICATION, DISTRIBUTION, ETC. | |
| Date of publication, distribution, etc. | 2003 |
| 490 ## - SERIES STATEMENT | |
| Series statement | Estates Gazette |
| Volume/sequential designation | (0319) 10 May 2003, 114-115(2) |
| 520 ## - SUMMARY, ETC. | |
| Summary, etc. | The Finance Bill sets out the framework for the new stamp duty land tax (SDLT) which is due to take effect on 1 December. Key points highlighted are that the SDLT will mainly apply to transactions completed on or after 1 December, although contracts exchanged before Royal Assent will be subject to the present stamp duty regime. It is a transactional tax and places greater compliance obligations on purchasers. |
| 590 ## - LOCAL NOTE (RLIN) | |
| Local note | ABS |
| 650 ## - SUBJECT ADDED ENTRY--TOPICAL TERM | |
| Topical term or geographic name entry element | FINANCE BILL |
| 650 ## - SUBJECT ADDED ENTRY--TOPICAL TERM | |
| Topical term or geographic name entry element | LAND TRANSACTIONS |
| 650 ## - SUBJECT ADDED ENTRY--TOPICAL TERM | |
| Topical term or geographic name entry element | STAMP DUTY LAND TAX |
| 650 ## - SUBJECT ADDED ENTRY--TOPICAL TERM | |
| Topical term or geographic name entry element | STAMP DUTY REFORM |
| 650 ## - SUBJECT ADDED ENTRY--TOPICAL TERM | |
| Topical term or geographic name entry element | TRANSITIONAL PROVISIONS |
| 690 ## - LOCAL SUBJECT ADDED ENTRY--TOPICAL TERM (OCLC, RLIN) | |
| Topical term or geographic name as entry element | TAXATION |
| 700 ## - ADDED ENTRY--PERSONAL NAME | |
| Personal name | Rodrigues, M. |
| 942 ## - ADDED ENTRY ELEMENTS (KOHA) | |
| Suppress in OPAC | 0 |
| Withdrawn status | Lost status | Source of classification or shelving scheme | Damaged status | Not for loan | Home library | Current library | Shelving location | Date acquired | Total Checkouts | Full call number | Barcode | Date last seen | Copy number | Price effective from | Koha item type |
|---|---|---|---|---|---|---|---|---|---|---|---|---|---|---|---|
| Dewey Decimal Classification | London | London | Journal article | 23/06/2003 | ABS66852 | 122693-1001 | 06/08/2019 | 1 | 06/08/2019 | Journal article |